Peperangan Terakhir UTHMANIYAH : (Record no. 199568)

MARC details
000 -LEADER
fixed length control field 01071nam a2200253 i 4500
005 - DATE AND TIME OF LATEST TRANSACTION
control field 20250508141206.0
008 - FIXED-LENGTH DATA ELEMENTS--GENERAL INFORMATION
fixed length control field 250508s2017 my bao gr 00| 0bmay d
020 ## - INTERNATIONAL STANDARD BOOK NUMBER
International Standard Book Number 9789671284124
Terms of availability RM10.00 Denda
Qualifying information paperback
040 ## - CATALOGING SOURCE
Original cataloging agency PPAK
Language of cataloging eng
Transcribing agency PPAK
Description conventions rda
082 04 - DEWEY DECIMAL CLASSIFICATION NUMBER
Edition number 23
Classification number 956.1015
090 00 - LOCALLY ASSIGNED LC-TYPE CALL NUMBER (OCLC); LOCAL CALL NUMBER (RLIN)
Classification number (OCLC) (R) ; Classification number, CALL (RLIN) (NR) 956.1015
Feature heading WAN
Feature heading G
100 0# - MAIN ENTRY--PERSONAL NAME
Personal name Wan Kamarul Arifin Wan Ahmad,
Relator term author.
245 10 - TITLE STATEMENT
Title Peperangan Terakhir UTHMANIYAH :
Remainder of title RUNTUHNYA SEBUAH INSTITUSI & TINGGALANNYA DI ALAM MELAYU /
Statement of responsibility, etc. WAN KAMARUL ARIFIN WAN AHMAD ; Editor: Saodah bt Haji Lasim
264 #1 - PRODUCTION, PUBLICATION, DISTRIBUTION, MANUFACTURE, AND COPYRIGHT NOTICE
Place of production, publication, distribution, manufacture Dungun, Terengganu :
Name of producer, publisher, distributor, manufacturer CETUSAN IDEA PUBLICATIONS,
Date of production, publication, distribution, manufacture, or copyright notice [2017?]
300 ## - PHYSICAL DESCRIPTION
Extent vii, 383 pages :
Other physical details colour maps, colour illustrations, colour photographs ;
Dimensions 23 cm
336 ## - CONTENT TYPE
Content type term text
Source rdacontent
337 ## - MEDIA TYPE
Media type term unmediated
Source rdamedia
338 ## - CARRIER TYPE
Carrier type term volume
Source rdacarrier
504 ## - BIBLIOGRAPHY, ETC. NOTE
Bibliography, etc. note Bibliography: pages 377-383
651 #0 - SUBJECT ADDED ENTRY--GEOGRAPHIC NAME
Geographic name Turkey
General subdivision History
Chronological subdivision Ottoman Empire, 1288-1918
Geographic name Turkey
General subdivision Civilization
Chronological subdivision Ottoman Empire, 1288-1918
700 0# - ADDED ENTRY--PERSONAL NAME
Personal name Saodah bt Haji Lasim,
Relator term editor.
942 ## - ADDED ENTRY ELEMENTS (KOHA)
Source of classification or shelving scheme Dewey Decimal Classification
Koha item type Book
Holdings
Withdrawn Not for loan Current library Shelving location Date acquired Total Checkouts Full call number Barcode Date last seen Date last checked out Koha item type
    Perpustakaan Alor Setar Pinjaman Dewasa 21/05/2025 2 956.1015 WAN A00748919 06/08/2025 26/07/2025 Book
    Perpustakaan Awam Sungai Petani Pinjaman Dewasa 21/05/2025 1 956.1015 WAN A00748920 16/08/2025 26/07/2025 Book